10 Capitals Closest to Copenhagen - Statistics

General Stats
  • This quiz has been taken 142 times
  • The average score is 9 of 10
Answer Stats
km Capital % Correct
352 Berlin
99%
484 Oslo
98%
521 Stockholm
96%
621 Amsterdam
92%
765 Brussels
89%
667 Warsaw
87%
800 Luxembourg
78%
725 Riga
78%
632 Prague
72%
813 Vilnius
70%
No matching quizzes found
Score Distribution
Percent of People with Each Score
Percentile by Number Answered
Your Score History
You have not taken this quiz